'This' and 'That' Quiz Stats

Quiz Updated Feb 16, 2012

Challenge
Share
Tweet
Embed
Score 0/26 Timer 07:00
1 Play Today
Hint Answer % Correct
Hamlet: 'To be or not to be...'That is the question
87.1%
FOX sitcom with Topher Grace & Ashton KutcherThat '70s Show
78.7%
Individually, one went to market, one stayed home, ate roast beef, had none, and so onThis Little Piggy
73.7%
When the moon hits your eye like a big pizza pie...That's Amore
72.4%
Michael Jackson 2009 documentary–concert filmThis Is It
67.9%
Sunday school anthem, you're gonna let it shineThis Little Light of Mine
62.8%
1975 KC and the Sunshine Band tune, uh-huh, uh-huhThat's the Way (I Like It)
52.5%
Michael Scott's response to 'You already did me', 'That's so hard' and myriad others That's what she said
51.2%
PBS show about home renovations; Hosts include Bob Vila, Steve Thomas and Kevin O'ConnorThis Old House
50.6%
Frying egg in a pan, according to the Partnership for a Drug-free America television adsThis is your brain on drugs
50%
Second Maroon 5 single from Songs About Jane, staple of pop/rock radioThis Love
45.9%
1984 Rob Reiner mock-rockumentary This Is Spinal Tap
41%
Woody Guthrie's response to 'God Bless America', from California to the New York islandThis Land Is Your Land
36.8%
Hint Answer % Correct
The Disney Channel's longest-running live-action seriesThat's So Raven
32.3%
1960s Marlo Thomas sitcomThat Girl
29.1%
Classic TV series hosted by Ralph Edwards that reunited a person with old acquaintancesThis Is Your Life
28.3%
1997 hit single from Shania TwainThat Don't Impress Me Much
24%
Tom Hanks' directorial debutThat Thing You Do!
23.4%
1997 Christina Ricci and Doug E. Doug live-action Disney filmThat Darn Cat
14.5%
Ira Glass-hosted radio program from Chicago Public RadioThis American Life
12.2%
Tobias Wolff memoir, 1993 film adaptation stars Robert De Niro, Leonardo DiCaprioThis Boy's Life
11.4%
Buddy Holly tune taken from a John Wayne line from The SearchersThat'll Be The Day
11.2%
Dionne Warwick and others hit #1 with this Bacharach/Sager songThat's What Friends Are For
10.8%
1980s stunt-themed ABC reality show hosted by Fran Tarkenton and othersThat's Incredible!
10.4%
Proverb about the temporary nature of existence, or an OK Go songThis Too Shall Pass
7.4%
Song from the musical film 'The Band Wagon' and title of an MGM film documentaryThat's Entertainment
6.9%

You're not logged in!

Compare scores with friends on all Sporcle quizzes.
Sign Up with Email
OR
Log In

You Might Also Like...

Show Comments

Extras

Top Quizzes Today


Score Distribution

Your Account Isn't Verified!

In order to create a playlist on Sporcle, you need to verify the email address you used during registration. Go to your Sporcle Settings to finish the process.